• 首页
  • 本馆介绍
  • 公告通知
  • 最新文献
  • 馆藏检索
  • 电子资源
  • 读者导购
  • 参考咨询
  • 我的图书馆
  • 登录
  • 详细信息显示
  • 放入我的书架
  • 预约/预借图书
  • 作者相关作品
  • 分类相关作品
  • 丛书相关作品
  • 出版社相关作品

书目信息

  • 表格格式
  • 工作单格式
  • 卡片格式
题名:
阳光基业
    
 
作者: 郑作时 , 赵守兵 著
分册:  
出版信息: 北京   中信出版社  2010
页数: 24,205页
开本: 23cm
丛书名: 蓝狮子财经丛书
单 册:
中图分类: F842.3
科图分类:
主题词: 保险公司--企业管理--经验--中国 , 保险公司 , 企业管理
电子资源:
ISBN: 978-7-5086-2075-6
000 00913oam2 2200301 450
001 523
005 20140909165809.93
010    @a978-7-5086-2075-6@dCNY32.00
100    @a20100804d2010 em y0chiy50 ea
101 0  @achi
102    @aCN@b110000
105    @ay z 000yy
106    @ar
200 1  @a阳光基业@e一家金融保险新锐企业的崛起路径@f郑作时,赵守兵著
210    @a北京@c中信出版社@d2010
215    @a24,205页@d23cm
225 2  @a蓝狮子财经丛书
330    @a本书从阳光保险公司掌门人张维功的创业开始叙述,全面描述了阳光保险艰难的创业历程,以及他追求卓越、全方位创新的故事。
410  0 @12001 @a蓝狮子财经丛书
517 1  @a一家金融保险新锐企业的崛起路径
606 0  @a保险公司@x企业管理@x经验@y中国
606 0  @a保险公司
606 0  @a企业管理
690    @aF842.3@v5
701  0 @a郑作时@4著
701  0 @a赵守兵@4著
801  0 @aCN@bTANGWEI@c20140603
905    @b0842789-91@dF842.3@e96@f3
    
    阳光基业:一家金融保险新锐企业的崛起路径/郑作时,赵守兵著.-北京:中信出版社,2010
    24,205页;23cm.-(蓝狮子财经丛书)
    
    
    ISBN 978-7-5086-2075-6:CNY32.00
    本书从阳光保险公司掌门人张维功的创业开始叙述,全面描述了阳光保险艰难的创业历程,以及他追求卓越、全方位创新的故事。
●
相关链接 在E读中查询图书 在五车中查询图书 在当当中查询图书 在豆瓣中查询图书


正题名:阳光基业     索取号:F842.3/96         预约/预借

序号 登录号 条形码 馆藏地/架位号 状态 备注
1 0842789   208427898   第一样本阅览室/ [索取号:F842.3/96] 在馆    
2 0842790   208427905   密集书库-史法系/ [索取号:F842.3/96] 在馆    
3 0842791   208427914   第一借阅区/ [索取号:F842.3/96] 在馆    
唐山师范学院图书馆 欢迎您!
大连网信软件有限公司© 版权所有